Delle forze dell´intendimento umano, asia il pirronisimo confuntato (Record no. 8516)

MARC details
000 -CABECERA
campo de control de longitud fija 00879nam a2200241 a 4500
001 - NÚMERO DE CONTROL
campo de control BRCA_8865
005 - FECHA Y HORA DE LA ÚLTIMA TRANSACCIÓN
campo de control 20190320210436.0
008 - DATOS DE LONGITUD FIJA--INFORMACIÓN GENERAL
campo de control de longitud fija 140617s1748----it-#######---#000-0#ita-#
041 ## - CÓDIGO DE LENGUA
Código de lengua del texto/banda sonora o título independiente ita
044 ## - CÓDIGO DEL PAÍS DE LA ENTIDAD EDITORA/PRODUCTORA
Código MARC del país it
084 ## - OTRO NÚMERO DE CLASIFICACIÓN
Número de clasificación BE246
Número de documento/Ítem .M87 1748
100 1# - ENTRADA PRINCIPAL--NOMBRE DE PERSONA
Nombre de persona Muratori, Lodovico Antonio
Fechas asociadas al nombre 1672 - 1750
9 (RLIN) 21958
245 10 - MENCIÓN DE TÍTULO
Título Delle forze dell´intendimento umano, asia il pirronisimo confuntato
Mención de responsabilidad, etc. trattato di Lodovic Antonio Muratori...
250 ## - MENCIÓN DE EDICIÓN
Mención de edición 2a ed.
260 ## - PUBLICACIÓN, DISTRIBUCIÓN, ETC.
Lugar de publicación, distribución, etc. Venezia
Nombre del editor, distribuidor, etc. Presso Giambatista Pasquali
Fecha de publicación, distribución, etc. 1748
300 ## - DESCRIPCIÓN FÍSICA
Extensión XXXVIII, [2], [4], 348 p.
Dimensiones 17.7 x 11.8 cm.
500 ## - NOTA GENERAL
Nota general Con la licenza de superiori
500 ## - NOTA GENERAL
Nota general Estado físico: presenta encuadernación en pergamino con cintas rotas y lomo semi desprendido
650 14 - PUNTO DE ACCESO ADICIONAL DE MATERIA--TÉRMINO DE MATERIA
Término de materia o nombre geográfico como elemento de entrada Fé y razón
Subdivisión cronológica Obras anteriores a 1800
9 (RLIN) 22078
700 1# - PUNTO DE ACCESO ADICIONAL--NOMBRE DE PERSONA
Nombre de persona Pasquali, Giovanni Battista
Término indicativo de función/relación Impresor
9 (RLIN) 22079
902 ## - CATALOGADOR
Iniciales CFM
942 ## - ELEMENTOS DE PUNTO DE ACCESO ADICIONAL (KOHA)
Fuente del sistema de clasificación o colocación Library of Congress Classification
Tipo de ítem Koha Libros
Holdings
Estado de retiro Estado de pérdida Estado dañado No para préstamo Localización permanente Ubicación/localización actual Fecha de adquisición Total de préstamos Signatura topográfica completa Código de barras Fecha visto por última vez Precio válido a partir de Tipo de ítem Koha
El ejemplar forma parte de la colección y puede ser consultado según las políticas vigentes.       Biblioteca del Museo Franz Mayer (Rogerio Casas-Alatriste) Biblioteca del Museo Franz Mayer (Rogerio Casas-Alatriste) 14/06/2017   BE246 .M87 1748 CFM00188 22/03/2019 22/03/2019 Libros